[Event "Stay Safe Play From Home 358"]
[Site "Emanuel Lasker Arena"]
[Date "2020.08.05"]
[Round "2"]
[White "Tran Minh Thang"]
[Black "Little champs"]
[Result "1-0"]
[WhiteElo "2527"]
[BlackElo "2179"]
[Annotator "TA"]
[PlyCount "129"]
[EventDate "2020.08.05"]
[EventType "swiss (blitz)"]

{[%evp 12,128,33,28,56,13,16,22,10,0,5,0,0,-16,-1,-65,-57,-69,0,0,50,-28,42,41,41,-87,-72,-73,-10,-15,-8,-51,-10,-9,-10,-69,-79,-98,-70,-171,-170,-159,-134,-144,-70,-305,-164,-268,-44,-425,-416,-356,-41,-203,-95,-168,-147,-154,-65,-148,-70,-75,-93,-93,-96,-90,0,0,17,0,196,0,134,125,152,121,493,320,704,708,704,669,614,560,1243,1270,1123,1123,1029,1006,29981,29982,29982,29983,29983,29984,29984,29985,29985,29986,29987,29988,29988,29989,29989,29990,29990,29991,29991,29992,29993,29994,29994,29994,29997,29998,29998,29999,29999]} 1. d4 d5 2. Bf4 c6 3. e3 Nf6 4. c4 g6 5. Nc3 Bg7 6. Nf3 O-O 7. h3 a6 {D93: Grünfeld: 4 Nf3 Bg7 5 Bf4 0-0 6 e3.} 8. Be2 dxc4 9. Bxc4 b5 {The position is equal.} 10. Bd3 Bb7 11. Rc1 Nbd7 12. Ne4 {[#]} Rc8 $146 ({Predecessor:} 12... Nxe4 13. Bxe4 Qa5+ 14. Nd2 e5 15. dxe5 Nxe5 16. O-O Rfd8 17. Rc3 Qxa2 18. Qc2 Qe6 {1-0 (46) Hammari,J (1513)-Paulsen,V (1770) Karasjok 2004}) 13. Nc5 (13. Nxf6+ $11 Nxf6 14. O-O) 13... Nxc5 $15 14. dxc5 Nd7 (14... Qa5+ $15 15. Qd2 Qxa2) 15. O-O $11 e6 16. Bh2 (16. Qb3 $14) 16... e5 (16... Bxb2 $11 17. Rc2 Bg7) 17. Be2 Qe7 18. Qd6 (18. Qc2 $14 {keeps the upper hand.}) 18... Qxd6 $17 19. cxd6 f6 (19... e4 $17 20. Nd2 Bxb2) 20. Rfd1 $11 c5 21. a4 Bc6 22. axb5 axb5 23. Ra1 (23. Nd2 $11) 23... Ra8 $15 24. Nd2 Kf7 25. Bf3 (25. Rac1 $15) 25... Bxf3 $19 26. gxf3 Ke6 27. Ne4 h6 (27... Rxa1 $17 28. Rxa1 Bh6) 28. f4 $2 (28. Rac1 $15) 28... f5 (28... Rxa1 $142 29. Rxa1 f5) 29. Nc3 (29. Rxa8 $142 Rxa8 30. Nc3) 29... b4 $2 (29... Rxa1 $19 30. Rxa1 b4) 30. Nb5 $2 {[%mdl 8192]} (30. Rxa8 $1 $15 Rxa8 31. Nb5) 30... Rxa1 31. Nc7+ Kf6 $2 (31... Kf7 $19 32. Rxa1 e4) 32. Rxa1 $2 (32. fxe5+ $15 Nxe5 33. Nd5+ Ke6 34. Nf4+ Kd7 35. Rxa1) 32... exf4 (32... e4 $19 33. Ra7 c4) 33. Bxf4 (33. Nd5+ $17 {was called for.} Kf7 34. Ra7) 33... g5 34. Bh2 Rd8 (34... b3 $1 $17 35. Ra7 c4) 35. Ra7 (35. b3 $1 $15) 35... f4 ({Black should try} 35... b3 $1 $17 {Strongly threatening ...Kf7.} 36. Kg2 Kf7) 36. exf4 Kf5 37. fxg5 hxg5 38. b3 {[#]} Bc3 ({Better is} 38... c4 $1 $17 {[%cal Rc4b3][%mdl 512]} 39. Ra5+ (39. bxc4 b3 $17) 39... Kg6 40. bxc4 b3) 39. Nd5 $11 Ne5 40. Ne3+ Ke4 $2 {[#]} (40... Ke6 $11 {and Black is okay.}) 41. Bxe5 $2 (41. Re7 $1 $18 Rxd6 42. Kg2) 41... Kxe5 $18 {[%mdl 4096] Endgame KRB-KRN} (41... Bxe5 $11 {keeps the balance.} 42. d7 Bf4) 42. Nc4+ $16 Kd4 43. d7 {Black must now prevent Nd6.} Kd3 $2 {[%mdl 8192]} (43... Kd5 $16 {is tougher.}) 44. Na5 $18 Kc2 $2 (44... Bf6 45. Rc7 Ke4) 45. Nc6 Rxd7 46. Rxd7 Kxb3 47. Na5+ Kc2 48. Rc7 Bd4 49. Nb7 b3 50. Nxc5 Bxc5 51. Rxc5+ {[%mdl 64] Double Attack. KR-KPP. White mates.} Kd3 52. Rb5 Kc2 53. f4 gxf4 54. h4 b2 55. h5 f3 56. Kf2 b1=Q 57. Rxb1 Kxb1 {KP-KP} 58. h6 Kc2 59. h7 Kd3 60. h8=Q Kd2 61. Qd4+ Kc2 62. Qc4+ Kd2 63. Kxf3 Kd1 64. Ke3 Ke1 65. Qc1# {What a bad dream for Black. Accuracy: White = 47%, Black = 33%.} 1-0

[Event "Stay Safe Play From Home 358"]
[Site "Emanuel Lasker Arena"]
[Date "2020.08.05"]
[Round "2"]
[White "Tolka"]
[Black "Greblha"]
[Result "0-1"]
[WhiteElo "2300"]
[BlackElo "1941"]
[Annotator "TA"]
[PlyCount "88"]
[EventDate "2020.08.05"]
[EventType "swiss (blitz)"]

{[%evp 16,88,-12,-17,23,28,39,36,41,-16,-20,-19,41,48,38,16,64,-70,-89,-322,-312,-287,-294,-416,-418,-416,-406,-376,-237,-375,-371,-350,-244,-295,-210,-329,-339,-369,-339,-364,-330,-343,-313,-338,-274,-606,-439,-432,-411,-527,-538,-713,-700,-777,-777,-966,-806,-812,-799,-792,-672,-1200,-959,-1171,-1163,-29999,-671,-749,-669,-664,902,-546,0,-10,675]} 1. e4 c6 2. d4 d5 3. e5 Bf5 4. Ne2 e6 5. Ng3 Bg6 6. h4 h6 7. h5 Bh7 8. Bd3 Bxd3 9. cxd3 c5 {B12: Caro-Kann: Advance Variation.} 10. dxc5 Bxc5 11. d4 Bb6 {White is slightly better.} 12. O-O (12. Nc3 $14) 12... Nc6 $11 {[%cal Bb8c6,Bc6b4,Bb4c2][%mdl 32]} 13. Be3 $1 Nge7 (13... f6 $11) 14. Qg4 $14 Kf8 15. Nc3 {[#]} Nb4 $146 ({Predecessor:} 15... a6 16. f4 Nxd4 17. Na4 Ba7 18. Rac1 Nef5 19. Nxf5 Nxf5 20. Bxa7 Rxa7 21. Qf3 g6 22. hxg6 fxg6 {0-1 (42) TechnoGhuru-Novik,M (2527) Dos Hermanas 2003}) 16. f4 (16. Rac1 $14) 16... Nc2 $1 $36 {[%csl LRa1,LRd4,LRe3][%mdl 2112] Double Attack. Black has strong initiative.} 17. Rae1 $2 (17. Qf3 $17) 17... Nxe3 $19 ({Don't do} 17... Nxe1 18. Rxe1 Qd7 19. Rf1 $19) ({Less strong is} 17... Nxd4 18. Bxd4 Bxd4+ 19. Kh1 $15) 18. Rxe3 {f5 is the strong threat.} Bxd4 19. Rfe1 (19. Nd1 $142) 19... Bxe3+ 20. Rxe3 Qb6 21. Nd1 d4 22. Rf3 (22. Rb3 $142 Qc7 23. Qf3) 22... d3+ 23. Kh2 d2 24. Ne4 Nf5 25. Rd3 (25. Nxd2 {was necessary.} Rd8 26. Nc4) 25... Rd8 26. Qe2 Rxd3 27. Qxd3 Ke7 28. Qa3+ Ke8 29. Qd3 Qd8 30. Nd6+ $2 (30. Qb5+ Qd7 31. Qb3) 30... Ke7 31. Qxd2 {intending Nxf5+.} Nxd6 32. exd6+ Qxd6 {[%mdl 4096] Endgame KQR-KQN} 33. Qe1 Qxf4+ 34. Kg1 Rd8 {Hoping for ...Qc1.} 35. Nc3 Qd4+ 36. Kh1 Qd2 37. Qh4+ Qg5 38. Qh2 Rd6 39. Qg1 Rd2 40. Qxa7 Qxh5+ (40... Qxg2# $142) 41. Kg1 {[#]} Qg5 $1 {[%csl Gd2][%cal Rg5g2]} 42. Qxb7+ Kf6 $4 {[%mdl 8192]} (42... Kf8 $19 43. Qa8+ Rd8) 43. Qf3+ $4 {[%mdl 8192] [#]} (43. Ne4+ $18 {was the only winning move.} Kg6 44. Nxg5 hxg5 45. a4 Rd1+ 46. Kf2) 43... Kg6 $2 ({Better is} 43... Ke5 $1 $19 44. Ne4 {[#]} Qxg2+ $1 {[%mdl 512]} 45. Qxg2 Rxg2+ 46. Kxg2 Kxe4) 44. Ne4 $11 Qf5 $2 {[%mdl 40960] What a bad dream for Black. Accuracy: White = 28%, Black = 47%. . Loss on time!?} (44... Qd5 $11 45. Nxd2 Qxd2) 0-1

[Event "Stay Safe Play From Home 358"]
[Site "Emanuel Lasker Arena"]
[Date "2020.08.05"]
[Round "2"]
[White "Lamborghini"]
[Black "Uber_WING"]
[Result "0-1"]
[WhiteElo "2297"]
[BlackElo "2302"]
[Annotator "TA"]
[PlyCount "70"]
[EventDate "2020.08.05"]
[EventType "swiss (blitz)"]

{[%evp 10,70,58,49,79,34,34,32,31,30,30,29,26,21,34,26,96,96,110,85,168,170,166,166,450,227,210,-28,-27,-14,-15,-207,-202,-346,-335,-441,-421,-447,-277,-291,-313,-507,-511,-500,-277,-281,-266,-255,-261,-412,-414,-409,-402,-477,-442,-485,-479,-827,-820,-820,-815,-793,-784]} 1. e4 d5 2. exd5 Qxd5 3. Nc3 Qd6 4. d4 Nf6 5. Nf3 a6 6. g3 Nc6 {B01: Scandinavian Defence.} 7. Bg2 (7. Bf4 $5 {[%cal Rf4d6]} Qd8 8. Bg2 $14) 7... Bg4 8. O-O O-O-O {[%cal Rc6d4] White is slightly better.} 9. d5 Ne5 {[%cal Rf6d5] 9...Nb4 is not played anymore.} 10. Bf4 Nxf3+ 11. Bxf3 Bxf3 12. Qxf3 {[#]} Qb6 $146 (12... e5 $11 {keeps the balance.} 13. dxe6 Qxe6) ({Predecessor:} 12... e5 13. dxe6 Qxe6 14. Rfe1 Qh3 15. Bg5 Bc5 16. Bxf6 gxf6 17. Ne4 Bd4 18. c3 Bb6 {1-0 (27) Vazquez,G (2527)-Caspi,I (2489) chess.com INT 2020}) 13. Rfe1 h6 14. a4 Qc5 (14... e6 $16 {was worth a try.}) 15. b4 $18 Qc4 16. b5 a5 $2 (16... e6 {was necessary.}) 17. Rad1 (17. b6 $142 cxb6 18. Rad1) 17... e6 {[#]} 18. d6 $2 (18. b6 $1 $18 {[%mdl 512]} Bd6 (18... cxb6 19. dxe6) 19. bxc7 Bxc7 20. Bxc7 (20. d6 Bb6 $16) 20... Qxc7 21. Nb5 (21. dxe6 fxe6 22. Nb5 Qb6 $18)) 18... Bxd6 $11 19. Bxd6 Rxd6 20. b6 $2 {This costs White the game.} (20. Rxd6 $11 {and White is okay.} cxd6 21. Ne4) 20... Rxb6 $19 21. Nb5 (21. Re5 $142) 21... Qxa4 22. Nd4 Rd8 23. Nb3 Qc6 24. Qxc6 Rxc6 25. Nxa5 $2 (25. Rxd8+ Kxd8 26. Nxa5 Rxc2 27. Nxb7+ Kd7 28. Na5) 25... Rxd1 26. Rxd1 {[%mdl 4096] Endgame KRN-KRN} Rd6 27. Rb1 b6 28. Nc4 Rc6 29. Ne5 (29. Ne3 $142) 29... Rxc2 30. Nxf7 Ne4 31. Re1 Nxf2 {Black is clearly winning.} 32. Rxe6 Nh3+ 33. Kf1 (33. Kh1 $142 b5 34. Re8+ Kd7 35. Rb8) 33... Rf2+ {[%mdl 64] Double Attack} 34. Ke1 Rxf7 35. Re8+ Kb7 {Accuracy: White = 30%, Black = 60%.} 0-1

[Event "Stay Safe Play From Home 358"]
[Site "Emanuel Lasker Arena"]
[Date "2020.08.05"]
[Round "2"]
[White "SoulofWolf"]
[Black "Gokerkan"]
[Result "1/2-1/2"]
[WhiteElo "2180"]
[BlackElo "2597"]
[Annotator "TA"]
[PlyCount "188"]
[EventDate "2020.08.05"]
[EventType "swiss (blitz)"]

{[%evp 12,188,0,0,-1,0,-8,-8,4,0,23,8,13,22,43,-17,28,-21,31,-31,-26,-9,0,0,0,-112,-110,-114,-119,-114,-122,-152,-70,-75,-15,-71,103,-68,-68,-68,-66,-111,-109,-109,-115,-152,-141,-133,-128,-405,-132,-140,-136,-139,-136,-530,-528,-673,-666,-666,-658,-799,-786,-770,-395,-392,-387,-346,-285,-387,-384,-1553,-1541,-1402,-633,-887,0,-1332,-1230,-798,12841,12841,12841,12839,12842,12843,12843,12843,12844,12844,12845,12844,12845,12844,12845,12844,12845,0,12845,12843,12846,12845,12845,12845,12845,12843,12846,12847,12847,12847,12848,12847,12849,12849,12850,12849,12850,12849,12849,12848,12849,12848,12849,12849,12850,12849,12850,12849,12850,12849,12850,12849,12850,12849,12850,12849,29984,12850,12850,27999,12851,27999,27999,27999,27999,27999,27999,27999,27998,27998,27999,27999,27999,27999,27999,27999,27999,27999,27998,27999,27998,27999,27999,27999,27999,27999,27999,27999,27999,27999,27999,27999,27999,27999,27999,27999,27999,27999,27999]} 1. d4 Nf6 2. Nf3 e6 3. Bg5 Be7 4. Nbd2 d5 5. e3 O-O 6. Bd3 b6 7. O-O Bb7 {D03: 1 d4 d5 2 Nf3 Nf6 3 Bg5, including Torre Attack with early ...d5.} 8. Re1 c5 9. c3 Nc6 {The position is equal.} 10. a3 Qc7 {[#]} 11. Qe2 $146 ({Predecessor:} 11. Qb1 h6 12. Bh4 Rfd8 13. b4 a6 14. Ra2 cxb4 15. cxb4 Rdc8 16. Rc1 Qd8 17. Rac2 {½-½ (30) Petrosian,T-Averkin,O Moscow 1969}) 11... h6 12. Bf4 Bd6 13. Bg3 ({White should play} 13. Bxd6 $14 Qxd6 14. e4) 13... Rfe8 14. Rac1 Rad8 (14... Bxg3 $11 15. hxg3 e5 16. dxe5 Nxe5) 15. c4 (15. e4 $14 dxe4 16. Nxe4) 15... Bxg3 16. hxg3 dxc4 17. Nxc4 cxd4 {[#]} 18. exd4 (18. Nce5 $1 $11 {[%mdl 512] keeps the balance.}) 18... Nxd4 $17 19. Nxd4 Rxd4 20. Ne5 Qd6 21. Bb1 Qd5 (21... Rd8 $17 22. b4 Kf8) 22. Nf3 $15 Rg4 $40 {[%mdl 128] Black is up to no good.} (22... Rd8 $17) 23. b4 (23. Rc7 $11) 23... Qh5 $2 {[#]} (23... Qd8 $17 {and life is bright.}) 24. Nh2 $2 (24. Ne5 $1 $16) 24... Rd4 25. Qxh5 Nxh5 26. Nf3 Bxf3 27. gxf3 Red8 28. Re3 Nf6 29. Kg2 R4d7 30. Rcc3 $2 {[%mdl 8192]} (30. Rc4 $17) 30... g6 $2 (30... Nd5 $19 31. Be4 Nxe3+ 32. Rxe3 Rc7) 31. Ba2 Kg7 32. Bb3 Rd6 33. Ba4 $2 {[%mdl 8192]} (33. Kf1 $17) 33... Nd5 $1 $19 {[%csl LRc3,LRe3][%mdl 64] Double Attack} 34. Rb3 Nxe3+ 35. Rxe3 {[%mdl 4096] Endgame KRR-KRB} Rd3 36. Re2 Rxa3 37. Bb5 Rdd3 38. Bxd3 Rxd3 {KR-KR} 39. Rb2 Rd4 40. f4 a5 41. Kf3 $2 (41. bxa5 bxa5 42. Kf3) 41... Rxb4 42. Ra2 Rb3+ 43. Kg4 Rb4 44. Kf3 $1 h5 45. Ra3 {[#]} Rb3+ $4 {[%mdl 8192]} (45... h4 $1 $19 46. gxh4 Kf6) 46. Rxb3 $18 {KR-KP} a4 47. Ra3 Kf6 48. Rxa4 Ke7 49. Rb4 Kd6 50. Rxb6+ Kc5 51. Rb1 Kd5 52. Rd1+ Kc6 53. Re1 Kd7 54. Rd1+ $2 (54. g4 $18 hxg4+ 55. Kxg4) 54... Ke7 $2 {[%mdl 8192]} (54... Kc6 $11 55. Ke4 f6) 55. Ke4 Kf6 56. Rb1 Ke7 57. Rb5 Kf6 58. f5 Kg7 59. fxe6 fxe6 {KR-K3P} 60. Ke5 Kf7 61. Rb6 Kg8 62. Rxe6 {White threatens Kf6 and mate. KR-KPP} Kg7 63. Rf6 Kh6 64. Rf3 Kg5 65. Ke4 Kg4 66. Ke3 Kg5 67. Rf4 Kh6 68. Rc4 {Threatening mate with Kf4.} Kg5 69. Kf3 {Rc5+ would kill now.} Kh6 70. Kg2 {White wants to mate with Kh3.} Kg5 71. Kh3 Kh6 72. f3 {Intending f4 and mate.} Kg5 73. f4+ Kh6 74. Rc5 (74. Rc7 $142 g5 75. Rc6+ Kg7 76. fxg5 h4 77. Kxh4 Kf7 78. g6+ Ke7 79. Kg5) 74... Kg7 75. Rxh5 {KR-KP} Kf6 76. Kh4 gxh5 {White mates.} 77. Kxh5 {KP-KP} Kf5 78. Kh4 Kf6 79. Kg4 Kg7 80. f5 Kf7 81. Kg5 Ke8 82. Kf4 Kf7 83. g4 Kg7 84. g5 Kf8 85. Kg4 Kg8 86. Kh5 Kf7 87. Kh6 Kg8 88. g6 Kh8 89. Kg5 Kg8 90. f6 Kf8 91. Kf5 Kg8 92. Ke5 Kf8 93. Ke6 Ke8 94. g7 {[%cal Rg7g8]} Kd8 {[%mdl 32768] Quite a comeback for White. Accuracy: White = 54%, Black = 70%. . An unexpected result.} 1/2-1/2

[Event "Stay Safe Play From Home 358"]
[Site "Emanuel Lasker Arena"]
[Date "2020.08.05"]
[Round "2"]
[White "SelamiSahin"]
[Black "Ao017545"]
[Result "1-0"]
[WhiteElo "2141"]
[BlackElo "1483"]
[Annotator "NA RC"]
[PlyCount "43"]
[EventDate "2020.08.05"]
[EventType "swiss (blitz)"]

{Yarar, Atakan} 1. d4 {[%emt 0:00:02]} e5 {[%emt 0:00:01]} 2. c4 {[%emt 0:00:00]} exd4 {[%emt 0:00:01]} 3. Qxd4 {[%emt 0:00:00]} Nc6 {[%emt 0:00:00]} 4. Qd3 {[%emt 0:00:00]} Nf6 {[%emt 0:00:01]} 5. e4 {[%emt 0:00:00]} Nb4 {[%emt 0:00:01]} 6. Qe2 {[%emt 0:00:10]} Bc5 {[%emt 0:00:04]} 7. a3 {[%emt 0:00:02]} Nc6 {[%emt 0:00:02]} 8. Be3 {[%emt 0:00:01]} Nd4 {[%emt 0:00:04]} 9. Qd3 {[%emt 0:00:02]} Ne6 {[%emt 0:00:07]} 10. Nc3 {[%emt 0:00:01]} Be7 {[%emt 0:00:02]} 11. f3 {[%emt 0:00:01]} Nc5 {[%emt 0:00:04]} 12. Qc2 {[%emt 0:00:02]} Nh5 {[%emt 0:00:04]} 13. Nge2 {[%emt 0:00:01]} Bg5 {[%emt 0:00:01]} 14. Qd2 {[%emt 0:00:03]} Bxe3 {[%emt 0:00:02]} 15. Qxe3 {[%emt 0:00:00]} Nb3 {[%emt 0:00:04]} 16. Rd1 {[%emt 0:00:02]} Qh4+ {[%emt 0:00:01]} 17. g3 {[%emt 0:00:01]} Qe7 {[%emt 0:00:03]} 18. Nd5 {[%emt 0:00:01]} Qc5 {[%emt 0:00:11]} 19. Qxb3 {[%emt 0:00:01]} O-O {[%emt 0:00:03]} 20. Qb4 {[%emt 0:00:01]} a5 {[%emt 0:00:00]} 21. Qxc5 {[%emt 0:00:01]} b6 {[%emt 0:00:00]} 22. Qxc7 {[%emt 0:00:01] Ao017545 terk eder Ao017545 terk eder Ao017545 terk eder Ao017545 terk eder Ao017545 terk eder (Lag: Av=0.86s, max=2.1s) (Lag: Av=0.86s, max=2.1s) (Lag: Av=0.86s, max=2.1s) (Lag: Av=0.86s, max=2.1s) (Lag: Av=0.86s, max=2.1s)} 1-0

[Event "Stay Safe Play From Home 358"]
[Site "Emanuel Lasker Arena"]
[Date "2020.08.05"]
[Round "2"]
[White "TheCHESSHOUSE"]
[Black "Sky5zeroes"]
[Result "1-0"]
[WhiteElo "2082"]
[BlackElo "1428"]
[Annotator "TA"]
[PlyCount "61"]
[EventDate "2020.08.05"]
[EventType "swiss (blitz)"]

{[%evp 9,61,22,29,9,37,21,58,50,52,43,115,45,52,45,73,70,163,160,154,143,152,138,151,131,185,189,209,207,253,253,898,872,843,408,401,388,798,300,298,300,286,289,290,283,319,316,385,340,339,337,327,269,431,431]} 1. d4 e6 2. c4 Nf6 3. g3 Bb4+ 4. Bd2 Qe7 5. Bg2 Bxd2+ 6. Nxd2 {E00: Catalan Bogo-Indian (3 g3 Bb4+).} d5 7. Ngf3 c6 8. O-O {White is slightly better.} Nbd7 {[#]} 9. Rc1 $146 ({Predecessor:} 9. Qc2 O-O 10. e4 dxe4 11. Nxe4 Nxe4 12. Qxe4 Nf6 13. Qe2 Qd6 14. Rad1 Bd7 15. Ne5 Be8 16. Rfe1 Rb8 17. c5 Qc7 {1-0 (62) Saraci,N (2367)-Sadiku,B (2187) Pristina 2016}) 9... b6 {[#]} (9... O-O $14) 10. Qc2 (10. Ne5 $1 $16 {[%cal Re5c6]} Nxe5 11. dxe5) 10... Bb7 11. e4 $36 {[%mdl 2048] White is pushing.} O-O 12. e5 {Black is now going downhill.} Ne4 (12... Ng4 $14) 13. Nxe4 $18 dxe4 14. Qxe4 Rab8 15. Qe2 c5 16. Rfd1 f6 (16... Rbd8 $16 {was called for.}) 17. exf6 Nxf6 {[#]} 18. d5 $1 {[%mdl 512]} Rfe8 {[%cal Re6d5]} (18... exd5 19. Qxe7) 19. d6 Qd7 $2 (19... Bxf3 20. Bxf3 (20. dxe7 Bxe2 21. Re1 Bg4 $17) 20... Qd7) 20. Ne5 Qd8 21. Bxb7 (21. d7 $142) 21... Rxb7 22. Qf3 Qb8 $2 (22... Qa8 23. Rc3 Rf8) 23. Nc6 $2 (23. d7 Nxd7 24. Qf7+ Kh8 25. Rxd7 Rxd7 26. Qxd7) 23... Qc8 24. Ne7+ Rbxe7 25. dxe7 Rxe7 26. Rd6 Qc7 27. Rcd1 Kf7 28. h4 Qb7 29. Qxb7 Rxb7 30. f3 a5 $2 (30... Ke7 {was necessary.} 31. R6d3 Rd7) 31. Kf2 {Accuracy: White = 73%, Black = 24%.} 1-0

[Event "Stay Safe Play From Home 358"]
[Site "Emanuel Lasker Arena"]
[Date "2020.08.05"]
[Round "2"]
[White "Stefanone"]
[Black "Edmatuag"]
[Result "1-0"]
[WhiteElo "1941"]
[BlackElo "1677"]
[Annotator "TA"]
[PlyCount "105"]
[EventDate "2020.08.05"]
[EventType "swiss (blitz)"]

{[%evp 9,105,38,47,29,40,-6,-1,-5,0,-17,17,14,160,18,262,259,256,228,268,230,234,204,223,169,171,168,186,63,56,64,68,62,116,43,56,16,68,-12,-22,-61,-64,-86,-43,-89,-61,-504,-501,-498,-497,-1067,-591,-612,-566,-599,-600,-904,-916,-885,-900,-906,-782,-1252,-628,-1413,-1404,-2264,-1352,-1680,-1647,-1810,-1854,-1708,-1674,-2271,-2400,-3021,-2135,-2804,-2843,-29983,-29984,-29984,-29985,-29987,-29987,-29987,-29988,-29988,-29989,-29993,-29988,-29988,-29989,-29993,-29993,-29995,-29996,-29996]} 1. d4 c6 2. e3 d6 3. Nf3 Nd7 4. b3 Qc7 5. Bb2 e5 {[#]} 6. Bd3 $146 {A40: Unusual replies to 1 d4.} ({Predecessor:} 6. Nbd2 Ngf6 7. Bd3 Be7 8. O-O O-O 9. c4 b6 10. Rc1 Bb7 11. Bb1 c5 12. Qc2 {0-1 (43) Hatos,K (1969)-Takacs,P (2038) Hungary 2004}) 6... Ngf6 {Threatens to win with ...e4.} 7. dxe5 dxe5 {Strongly threatening ...e4.} 8. e4 {The position is equal.} g6 9. Qe2 Bc5 10. Nbd2 Nb6 (10... O-O $11 {keeps the balance.}) 11. Nc4 (11. Nxe5 $16 O-O 12. O-O-O) 11... Bd6 $2 (11... Nxc4 $11 {and Black stays safe.} 12. Bxc4 Bb4+ 13. c3 Be7) 12. Nxd6+ $18 ({Less strong is} 12. Ncxe5 O-O $16) ({Don't do} 12. Nfxe5 $6 Bb4+ 13. Nd2 O-O $16) 12... Qxd6 13. Bxe5 Qb4+ 14. Qd2 Qxd2+ 15. Kxd2 Nbd7 16. Bb2 {Black must now prevent e5.} O-O 17. Rae1 Ng4 18. h3 (18. Bd4 $18) 18... Nxf2 $14 19. Rhf1 Nxd3 20. cxd3 Nb6 ({Better is} 20... a5 $14) 21. Kc2 ({White should try} 21. Ba3 $16 Re8 22. Rf2) 21... Be6 22. d4 Rad8 (22... f5 $11) 23. Rd1 (23. g4 $14) 23... f5 $11 24. exf5 Bxf5+ 25. Kc1 Nd5 {aiming for ...Ne3.} 26. g4 Be4 $36 {[%mdl 2048] Black has the initiative.} 27. Rfe1 $2 {[%mdl 8192]} (27. Ng5 $15 Bg2 28. Rg1) 27... Bxf3 $19 28. Rd2 Nf4 29. Rf2 (29. Re7 $142) 29... Nxh3 30. Rh2 Ng5 31. Re7 Bxg4 32. d5 {Rg7+ would kill now.} Rf1+ 33. Kc2 cxd5 {Hoping for ...Rc8+.} 34. Rg7+ Kf8 35. Rxb7 Rf7 36. Kd3 Rxb7 37. Bd4 Ne4 38. Rg2 Bf5 39. Ke3 h5 40. Kf4 Nd6 41. Bc5 Kf7 42. b4 Nb5 43. Rd2 d4 44. Ke5 d3 {Black mates.} 45. Kf4 Rbd7 46. Rd1 Rd5 47. a4 {[#]} Rxc5 $1 48. bxc5 {[#]} Nc3 $1 49. Rb1 Ne2+ 50. Ke3 d2 51. Rb7+ Kg8 52. Rb6 d1=Q 53. Rxg6+ {[%mdl 32768] What a bad dream for White. Accuracy: White = 28%, Black = 48%. . Loss on time!?} 1-0

[Event "Stay Safe Play From Home 358"]
[Site "Emanuel Lasker Arena"]
[Date "2020.08.05"]
[Round "2"]
[White "Haris kollari 13"]
[Black "AChessPlayer"]
[Result "0-1"]
[WhiteElo "1706"]
[BlackElo "2396"]
[Annotator "NA RC"]
[PlyCount "68"]
[EventDate "2020.08.05"]
[EventType "swiss (blitz)"]

1. e4 {[%emt 0:00:01]} c6 {[%emt 0:00:00]} 2. f4 {[%emt 0:00:01]} d5 {[%emt 0:00:00]} 3. e5 {[%emt 0:00:00]} c5 {[%emt 0:00:01]} 4. d4 {[%emt 0:00:01]} Nc6 {[%emt 0:00:00]} 5. c3 {[%emt 0:00:00]} Bf5 {[%emt 0:00:01]} 6. Nf3 {[%emt 0:00:01]} Bxb1 {[%emt 0:00:01]} 7. Rxb1 {[%emt 0:00:02]} e6 {[%emt 0:00:00]} 8. Bd3 {[%emt 0:00:02]} cxd4 {[%emt 0:00:01]} 9. cxd4 {[%emt 0:00:01]} Bb4+ {[%emt 0:00:01]} 10. Bd2 {[%emt 0:00:02]} Qa5 {[%emt 0:00:00]} 11. Bxb4 {[%emt 0:00:03]} Nxb4 {[%emt 0:00:00]} 12. O-O {[%emt 0:00:03]} Nxd3 {[%emt 0:00:01]} 13. Qxd3 {[%emt 0:00:01]} Ne7 {[%emt 0:00:00]} 14. b4 {[%emt 0:00:03]} Qb6 {[%emt 0:00:02]} 15. a4 {[%emt 0:00:02]} a6 {[%emt 0:00:01]} 16. a5 {[%emt 0:00:01]} Qb5 {[%emt 0:00:01]} 17. Qxb5+ {[%emt 0:00:02]} axb5 {[%emt 0:00:00]} 18. Rfc1 {[%emt 0:00:01]} Nc6 {[%emt 0:00:02]} 19. Rc5 {[%emt 0:00:02]} Kd7 {[%emt 0:00:02]} 20. Rxb5 {[%emt 0:00:01]} Rhb8 {[%emt 0:00:00]} 21. Rb6 {[%emt 0:00:05]} f6 {[%emt 0:00:01]} 22. Kf2 {[%emt 0:00:02]} Ne7 {[%emt 0:00:02]} 23. Ke3 {[%emt 0:00:03]} Nc8 {[%emt 0:00:01]} 24. Rb5 {[%emt 0:00:02]} b6 {[%emt 0:00:00]} 25. axb6 {[%emt 0:00:03]} Rxb6 {[%emt 0:00:01]} 26. Rxb6 {[%emt 0:00:01]} Nxb6 {[%emt 0:00:00]} 27. Rb3 {[%emt 0:00:03]} Ra2 {[%emt 0:00:02]} 28. Ne1 {[%emt 0:00:02]} Nc4+ {[%emt 0:00:01]} 29. Kf3 {[%emt 0:00:01]} Nd2+ {[%emt 0:00:01]} 30. Ke3 {[%emt 0:00:02]} Nxb3 {[%emt 0:00:00]} 31. Kd3 {[%emt 0:00:01]} Nc1+ {[%emt 0:00:01]} 32. Kc3 {[%emt 0:00:01]} Re2 {[%emt 0:00:01]} 33. Nc2 {[%emt 0:00:02]} Rxg2 {[%emt 0:00:01]} 34. b5 {[%emt 0:00:01]} Ne2+ {[%emt 0:00:01] Time Time Time Time Time (Lag: Av=0.58s, max=1.2s) (Lag: Av=0.58s, max=1.2s) (Lag: Av=0.58s, max=1.2s) (Lag: Av=0.58s, max=1.2s) (Lag: Av=0.58s, max=1.2s)} 0-1